Statistics for US State General Knowledge #8 - Utah

Click here to take the quiz!

General Stats

  • This quiz has been taken 53 times
  • The average score is 28 of 46

Answer Stats

Hint Answer % Correct
CapitalSalt Lake City
100%
AbbreviationUT
98%
Is Utah a Swing State?No
98%
Longest riverColorado River
93%
Colorado
93%
Nevada
89%
Utah has the highest percentage of this religious groupMormons
89%
Arizona
89%
Time zoneMountain
86%
Place where four states meet each otherFour Corners
86%
Wyoming
86%
Bordering statesIdaho
84%
New Mexico
82%
112,488Provo
77%
NBA teamUtah Jazz
75%
Event hosted in 2002Winter Olympics
75%
Name the five National ParksZion
73%
Famous private research university (abbreviation)BYU
70%
Arches
68%
He said: "This is the place"Brigham Young
68%
Largest lakeGreat Salt Lake
64%
Lights used to control the movement of trafficElectric Traffic Light
61%
American Fork and Spanish Fork?Cities
61%
NicknameBeehive State
61%
Bryce Canyon
59%
DemonymUtahn
52%
Year of statehood1896
52%
Modern ice resurfacer (inventor born in Utah)Zamboni
50%
Ski resort with a film festivalSundance
48%
129,480West Valley City
45%
88,328Orem
45%
One part ketchup, two parts mayonnaiseFry Sauce
43%
Nearest city to this archMoab
41%
103,712West Jordan
41%
Juab and Utah?Counties
41%
Canyonlands
39%
Most famous arch, depicted on their license platesDelicate Arch
32%
Rivers
32%
Dinosaur and Natural Bridges?National Monuments
32%
Capitol Reef
30%
Telecommunication mediumTelevision
30%
Reason for the Utah WarPolygamy
18%
Region known for its buttesMonument Valley
18%
Highest pointKings Peak
18%
Tourism slogan (also on the license plates)Life Elevated
14%

Score Distribution

Percentile by Number Answered

Percent of People with Each Score

Your Score History

You have not taken this quiz